Okouzlená duše I

Bibliographic Details
Main Author: Rolland, Romain, 1866-1944 (Author)
Format: Book
Language:English
PhysicalDescription:736 s.
Published: Praha Státní nakladatelství krásné literatury, hudby a umění 1956
Edition:4. vyd.

MARC

LEADER 00000nam a2200000 a 4500
001 vtls008296391
003 SK-MaSNL
005 20260302074142.0
008 240315 000 0 eng
040 |a SNK  |b slo  |c SNK  |e AACR2 
100 1 |a Rolland, Romain,  |d 1866-1944  |4 aut  |9 106863 
245 1 |a Okouzlená duše  |n I 
250 |a 4. vyd. 
260 |a Praha  |b Státní nakladatelství krásné literatury, hudby a umění  |c 1956 
300 |a 736 s. 
999 |c 1163897  |d 1165827 
952 |a SNK  |b SNK  |y VYP  |7 0  |p 17A0483380  |o snkIC 15807/1 D1  |i snkKIP 6767/56  |3 rekatalogizácia  |0 0  |1 1  |4 0  |d 2005-09-06  |l 0  |r 2026-02-24 20:41:27  |w 2026-02-24